• 首页
  • 本馆介绍
  • 公告通知
  • 最新文献
  • 馆藏检索
  • 电子资源
  • 读者导购
  • 参考咨询
  • 我的图书馆
  • 登录
  • 详细信息显示
  • 放入我的书架
  • 预约/预借图书
  • 作者相关作品
  • 分类相关作品
  • 丛书相关作品
  • 出版社相关作品

书目信息

  • 表格格式
  • 工作单格式
  • 卡片格式
题名:
论巴枯宁主义
    
 
作者: 恩格斯 , 马克思 著 ;中共中央马、恩、列、斯著作编译局 译
分册:  
出版信息: 北京   人民出版社  1980.04
页数: 657页
开本: 21cm
丛书名:
单 册:
中图分类: A16
科图分类:
主题词: 马恩著作--专题汇编
电子资源:
ISBN:
000 00706nam0 2200217 45
001 0404200912
005 20060425092729.48
010    @dCNY1.50
091    @a1001.1166
100    @a20040420d1980 km y0chiy0120 ea
101 0  @achi
200 1  @a论巴枯宁主义@ALun Ba Ku Ning Zhu Yi@f马克思,恩格斯著@FMa Ke Si,En Ge Si Zhu@g中共中央马、恩、列、斯著作编译局译
210    @a北京@c人民出版社@d1980.04
215    @a657页@d21cm
606 0  @a马恩著作@x专题汇编
690    @aA16
701  0 @a恩格斯@4著
701  0 @a马克思@4著
712 02 @a中共中央马、恩、列、斯著作编译局@AZhong Gong Zhong Yang Ma、En、Lie、Si Zhu Zuo Bian Yi Ju@4译
801    @aCN@bPftUser@c20060425
905    @f2@b58529-530@dA16@e12@b58533@f1
    
    论巴枯宁主义/马克思,恩格斯著/中共中央马、恩、列、斯著作编译局译.-北京:人民出版社,1980.04
    657页;21cm
    
    
    ISBN :CNY1.50
    
●
相关链接 在E读中查询图书 在五车中查询图书 在当当中查询图书 在豆瓣中查询图书


正题名:论巴枯宁主义     索取号:A16/12         预约/预借

序号 登录号 条形码 馆藏地/架位号 状态 备注
1 0058528   000950288   第一借阅区/ [索取号:A16/12] 在馆    
2 0058529   000950322   第一借阅区/ [索取号:A16/12] 在馆    
3 0058530   001869017   密集书库/ [索取号:A16/12] 在馆    
4 0058531   001869026   密集书库/ [索取号:A16/12] 在馆    
5 0058532   001832869   密集书库/ [索取号:A16/12] 在馆    
6 0058533   000950359   第一样本阅览室/ [索取号:A16/12] 在馆    
7 0058534   001868964   密集书库/ [索取号:A16/12] 在馆    
8 0058535   202262675   密集书库/ [索取号:A16/12] 在馆    
9 0058536   001868928   密集书库/ [索取号:A16/12] 在馆    
10 0058537   001869008   密集书库/ [索取号:A16/12] 在馆    
唐山师范学院图书馆 欢迎您!
大连网信软件有限公司© 版权所有